[Event "Deutsche Ländermeisterschaft 2023"]
[Site "Hannover GER"]
[Date "2023.10.03"]
[Round "4"]
[White "Laux, Dominik"]
[Black "Gallasch, Jonas"]
[Result "1-0"]
[Termination "normal"]
[Board "1.2"]
[WhiteTitle "FM"]
[BlackTitle "FM"]
[WhiteElo "2281"]
[BlackElo "2269"]
[WhiteClock "00:38:17"]
[BlackClock "00:00:42"]
[WhiteTeam "Hessen"]
[BlackTeam "Nordrhein-Westfalen"]
[PlyCount "69"]
[WhiteFideId "12994219"]
[BlackFideId "16222474"]
[EventCountry "GER"]
[EventRounds "7"]
[EventType "team-swiss"]
[EventDate "2023.09.30"]

1. e4 {[%clk 01:30:46]} {[%emt 00:00:14]} c6 {[%clk 01:30:54]} {[%emt
00:00:05]} 2. Nc3 {[%clk 01:30:18]} {[%emt 00:00:58]} d5 {[%clk 01:31:18]}
{[%emt 00:00:07]} 3. Nf3 {[%clk 01:30:30]} {[%emt 00:00:18]} Bg4 {[%clk
01:31:43]} {[%emt 00:00:05]} 4. h3 {[%clk 01:30:36]} {[%emt 00:00:24]} Bxf3
{[%clk 01:32:08]} {[%emt 00:00:05]} 5. Qxf3 {[%clk 01:31:03]} {[%emt 00:00:03]}
e6 {[%clk 01:32:32]} {[%emt 00:00:06]} 6. d3 {[%clk 01:30:18]} {[%emt
00:01:15]} Nd7 {[%clk 01:32:43]} {[%emt 00:00:18]} 7. Be2 {[%clk 01:28:50]}
{[%emt 00:01:58]} Bc5 {[%clk 01:12:52]} {[%emt 00:20:21]} 8. O-O {[%clk
01:26:49]} {[%emt 00:02:31]} Ne7 {[%clk 01:12:00]} {[%emt 00:01:23]} 9. Rd1
{[%clk 01:24:23]} {[%emt 00:02:55]} Bd4 {[%clk 01:04:06]} {[%emt 00:08:25]} 10.
exd5 {[%clk 01:23:22]} {[%emt 00:01:31]} exd5 {[%clk 01:03:31]} {[%emt
00:01:04]} 11. Bf1 {[%clk 01:23:28]} {[%emt 00:00:24]} O-O {[%clk 01:03:31]}
{[%emt 00:00:29]} 12. Ne2 {[%clk 01:23:22]} {[%emt 00:00:36]} Bf6 {[%clk
00:58:56]} {[%emt 00:05:05]} 13. d4 {[%clk 01:23:48]} {[%emt 00:00:05]} g6
{[%clk 00:55:12]} {[%emt 00:04:15]} 14. g3 {[%clk 01:20:39]} {[%emt 00:03:39]}
Bg7 {[%clk 00:47:21]} {[%emt 00:08:20]} 15. h4 {[%clk 01:19:02]} {[%emt
00:02:07]} Nf6 {[%clk 00:41:43]} {[%emt 00:06:09]} 16. Bh3 {[%clk 01:17:21]}
{[%emt 00:02:11]} Ne4 {[%clk 00:40:59]} {[%emt 00:01:13]} 17. c3 {[%clk
01:12:09]} {[%emt 00:05:41]} Nc8 {[%clk 00:36:37]} {[%emt 00:04:52]} 18. Nf4
{[%clk 01:08:36]} {[%emt 00:04:02]} Ncd6 {[%clk 00:28:33]} {[%emt 00:08:34]}
19. Nd3 {[%clk 01:07:14]} {[%emt 00:01:52]} h6 {[%clk 00:23:11]} {[%emt
00:05:53]} 20. Re1 {[%clk 01:03:12]} {[%emt 00:04:32]} f5 {[%clk 00:10:21]}
{[%emt 00:13:20]} 21. Qg2 {[%clk 00:57:06]} {[%emt 00:06:36]} Re8 {[%clk
00:06:33]} {[%emt 00:04:18]} 22. f3 {[%clk 00:53:39]} {[%emt 00:03:57]} Nf6
{[%clk 00:06:47]} {[%emt 00:00:16]} 23. Rxe8+ {[%clk 00:52:50]} {[%emt
00:01:20]} Nfxe8 {[%clk 00:06:08]} {[%emt 00:01:09]} 24. Bf4 {[%clk 00:48:02]}
{[%emt 00:05:18]} Nf7 {[%clk 00:05:09]} {[%emt 00:01:29]} 25. Re1 {[%clk
00:44:59]} {[%emt 00:03:33]} g5 {[%clk 00:03:06]} {[%emt 00:02:34]} 26. hxg5
{[%clk 00:45:17]} {[%emt 00:00:12]} hxg5 {[%clk 00:03:31]} {[%emt 00:00:04]}
27. Bc1 {[%clk 00:45:02]} {[%emt 00:00:45]} Qf6 {[%clk 00:02:00]} {[%emt
00:02:01]} 28. Nc5 {[%clk 00:42:23]} {[%emt 00:03:10]} Ned6 {[%clk 00:02:08]}
{[%emt 00:00:22]} 29. Re6 {[%clk 00:42:02]} {[%emt 00:00:50]} Qd8 {[%clk
00:02:22]} {[%emt 00:00:16]} 30. Rg6 {[%clk 00:41:23]} {[%emt 00:01:09]} Qe7
{[%clk 00:00:47]} {[%emt 00:02:05]} 31. Ne6 {[%clk 00:41:16]} {[%emt 00:00:37]}
Ne8 {[%clk 00:00:34]} {[%emt 00:00:42]} 32. Bxf5 {[%clk 00:40:45]} {[%emt
00:01:00]} Nh6 {[%clk 00:00:32]} {[%emt 00:00:33]} 33. Bd3 {[%clk 00:38:16]}
{[%emt 00:02:59]} Nf7 {[%clk 00:00:31]} {[%emt 00:00:30]} 34. Qh3 {[%clk
00:38:20]} {[%emt 00:00:26]} Nh8 {[%clk 00:00:42]} {[%emt 00:00:20]} 35. Qh7+
{[%clk 00:38:17]} {[%emt 00:00:33]} 1-0

[Event "Deutsche Ländermeisterschaft 2023"]
[Site "Hannover GER"]
[Date "2023.10.03"]
[Round "4"]
[White "Spriestersbach, Kai"]
[Black "Lesny, Florian"]
[Result "1/2-1/2"]
[Termination "normal"]
[Board "1.3"]
[WhiteElo "2158"]
[BlackElo "2222"]
[WhiteClock "00:11:16"]
[BlackClock "00:23:07"]
[WhiteTeam "Nordrhein-Westfalen"]
[BlackTeam "Hessen"]
[PlyCount "69"]
[WhiteFideId "16269985"]
[BlackFideId "12973874"]
[EventCountry "GER"]
[EventRounds "7"]
[EventType "team-swiss"]
[EventDate "2023.09.30"]

1. e4 {[%clk 01:30:57]} c5 {[%clk 01:30:52]} {[%emt 00:00:10]} 2. Nf3 {[%clk
01:31:21]} {[%emt 00:00:06]} d6 {[%clk 01:31:08]} {[%emt 00:00:14]} 3. d4
{[%clk 01:31:46]} {[%emt 00:00:05]} cxd4 {[%clk 01:31:27]} {[%emt 00:00:11]} 4.
Nxd4 {[%clk 01:32:10]} {[%emt 00:00:06]} Nf6 {[%clk 01:31:46]} {[%emt
00:00:11]} 5. Nc3 {[%clk 01:32:33]} {[%emt 00:00:06]} a6 {[%clk 01:32:03]}
{[%emt 00:00:13]} 6. Be3 {[%clk 01:32:52]} {[%emt 00:00:12]} e5 {[%clk
01:32:20]} {[%emt 00:00:13]} 7. Nb3 {[%clk 01:33:16]} {[%emt 00:00:06]} Be6
{[%clk 01:32:25]} {[%emt 00:00:24]} 8. h3 {[%clk 01:33:27]} {[%emt 00:00:20]}
Nbd7 {[%clk 01:29:40]} {[%emt 00:03:15]} 9. g4 {[%clk 01:33:26]} {[%emt
00:00:31]} h6 {[%clk 01:29:44]} {[%emt 00:00:26]} 10. Qd3 {[%clk 01:33:20]}
{[%emt 00:00:35]} Nc5 {[%clk 01:21:42]} {[%emt 00:08:33]} 11. Nxc5 {[%clk
01:32:31]} {[%emt 00:01:18]} dxc5 {[%clk 01:21:57]} {[%emt 00:00:15]} 12. Qxd8+
{[%clk 01:32:31]} {[%emt 00:00:30]} Rxd8 {[%clk 01:21:19]} {[%emt 00:01:07]}
13. a4 {[%clk 01:32:55]} {[%emt 00:00:06]} c4 {[%clk 01:17:45]} {[%emt
00:04:05]} 14. a5 {[%clk 01:24:25]} {[%emt 00:09:00]} Rc8 {[%clk 01:11:33]}
{[%emt 00:06:42]} 15. Ra4 {[%clk 01:15:28]} {[%emt 00:09:26]} Be7 {[%clk
01:10:27]} {[%emt 00:01:35]} 16. f3 {[%clk 01:09:15]} {[%emt 00:06:44]} Bc5
{[%clk 01:07:10]} {[%emt 00:03:45]} 17. Bxc5 {[%clk 01:04:38]} {[%emt
00:05:08]} Rxc5 {[%clk 01:07:30]} {[%emt 00:00:10]} 18. Rb4 {[%clk 01:05:03]}
{[%emt 00:00:04]} Rc7 {[%clk 00:59:01]} {[%emt 00:08:59]} 19. Rh2 {[%clk
01:03:28]} {[%emt 00:02:06]} Ke7 {[%clk 00:57:04]} {[%emt 00:02:26]} 20. h4
{[%clk 01:01:45]} {[%emt 00:02:13]} g6 {[%clk 00:50:44]} {[%emt 00:06:50]} 21.
Rd2 {[%clk 00:56:57]} {[%emt 00:05:18]} Rd8 {[%clk 00:49:50]} {[%emt 00:01:23]}
22. Rxd8 {[%clk 00:50:27]} {[%emt 00:07:01]} Kxd8 {[%clk 00:50:10]} {[%emt
00:00:10]} 23. Na4 {[%clk 00:49:46]} {[%emt 00:01:10]} Ne8 {[%clk 00:48:27]}
{[%emt 00:02:13]} 24. Kd2 {[%clk 00:38:37]} {[%emt 00:11:39]} Nd6 {[%clk
00:47:56]} {[%emt 00:01:01]} 25. g5 {[%clk 00:34:51]} {[%emt 00:04:17]} hxg5
{[%clk 00:47:00]} {[%emt 00:01:26]} 26. hxg5 {[%clk 00:35:20]} {[%emt
00:00:01]} Ke7 {[%clk 00:42:41]} {[%emt 00:04:49]} 27. Ke3 {[%clk 00:30:53]}
{[%emt 00:04:57]} Nb5 {[%clk 00:37:29]} {[%emt 00:05:41]} 28. c3 {[%clk
00:29:41]} {[%emt 00:01:43]} Nd6 {[%clk 00:36:41]} {[%emt 00:01:17]} 29. f4
{[%clk 00:28:42]} {[%emt 00:01:30]} f6 {[%clk 00:35:07]} {[%emt 00:02:04]} 30.
Bg2 {[%clk 00:23:44]} {[%emt 00:05:29]} Nb5 {[%clk 00:26:56]} {[%emt 00:08:40]}
31. Nb6 {[%clk 00:22:49]} {[%emt 00:01:25]} Nd6 {[%clk 00:24:53]} {[%emt
00:02:33]} 32. Na4 {[%clk 00:21:39]} {[%emt 00:01:40]} Nb5 {[%clk 00:24:58]}
{[%emt 00:00:24]} 33. Bf3 {[%clk 00:19:41]} {[%emt 00:02:29]} Nd6 {[%clk
00:24:18]} {[%emt 00:01:09]} 34. Bh1 {[%clk 00:11:16]} {[%emt 00:08:56]} Nb5
{[%clk 00:23:07]} {[%emt 00:01:41]} 35. Bf3 {[%clk 00:11:16]} {[%emt 00:00:30]}
1/2-1/2

[Event "Deutsche Ländermeisterschaft 2023"]
[Site "Hannover GER"]
[Date "2023.10.03"]
[Round "4"]
[White "Sydykov, Bayastan"]
[Black "Möller, Maurin"]
[Result "1/2-1/2"]
[Termination "normal"]
[Board "1.4"]
[WhiteElo "2059"]
[BlackElo "2132"]
[WhiteClock "00:20:29"]
[BlackClock "00:14:17"]
[WhiteTeam "Hessen"]
[BlackTeam "Nordrhein-Westfalen"]
[PlyCount "60"]
[WhiteFideId "13829610"]
[BlackFideId "16265696"]
[EventCountry "GER"]
[EventRounds "7"]
[EventType "team-swiss"]
[EventDate "2023.09.30"]

1. e4 {[%clk 01:30:56]} {[%emt 00:00:03]} c5 {[%clk 01:30:52]} {[%emt
00:00:09]} 2. Nf3 {[%clk 01:31:00]} {[%emt 00:00:26]} e6 {[%clk 01:31:11]}
{[%emt 00:00:11]} 3. d4 {[%clk 01:30:59]} {[%emt 00:00:31]} cxd4 {[%clk
01:31:36]} {[%emt 00:00:05]} 4. Nxd4 {[%clk 01:31:23]} {[%emt 00:00:05]} Nf6
{[%clk 01:32:01]} {[%emt 00:00:05]} 5. Nc3 {[%clk 01:30:40]} {[%emt 00:01:13]}
Nc6 {[%clk 01:32:22]} {[%emt 00:00:08]} 6. Ndb5 {[%clk 01:30:26]} {[%emt
00:00:45]} Bb4 {[%clk 01:32:38]} {[%emt 00:00:15]} 7. a3 {[%clk 01:30:16]}
{[%emt 00:00:40]} Bxc3+ {[%clk 01:33:03]} {[%emt 00:00:05]} 8. Nxc3 {[%clk
01:30:43]} {[%emt 00:00:02]} d5 {[%clk 01:33:26]} {[%emt 00:00:07]} 9. exd5
{[%clk 01:30:34]} {[%emt 00:00:39]} exd5 {[%clk 01:33:50]} {[%emt 00:00:06]}
10. Bd3 {[%clk 01:30:41]} {[%emt 00:00:23]} O-O {[%clk 01:34:14]} {[%emt
00:00:06]} 11. O-O {[%clk 01:30:49]} {[%emt 00:00:22]} Bg4 {[%clk 01:34:39]}
{[%emt 00:00:04]} 12. f3 {[%clk 01:31:00]} {[%emt 00:00:19]} Bh5 {[%clk
01:35:04]} {[%emt 00:00:05]} 13. Bg5 {[%clk 01:31:05]} {[%emt 00:00:25]} Qb6+
{[%clk 01:35:28]} {[%emt 00:00:06]} 14. Kh1 {[%clk 01:31:14]} {[%emt 00:00:21]}
Ne4 {[%clk 01:35:51]} {[%emt 00:00:08]} 15. Nxe4 {[%clk 01:31:15]} {[%emt
00:00:28]} dxe4 {[%clk 01:36:17]} {[%emt 00:00:05]} 16. Bxe4 {[%clk 01:31:38]}
{[%emt 00:00:07]} Qxb2 {[%clk 01:36:42]} {[%emt 00:00:05]} 17. Qd6 {[%clk
01:31:22]} {[%emt 00:00:46]} Bg6 {[%clk 01:13:38]} {[%emt 00:23:33]} 18. Rab1
{[%clk 01:27:21]} {[%emt 00:04:31]} Qc3 {[%clk 01:10:14]} {[%emt 00:03:54]} 19.
Bd5 {[%clk 01:26:11]} {[%emt 00:01:40]} Rab8 {[%clk 01:02:16]} {[%emt
00:08:28]} 20. h4 {[%clk 01:23:45]} {[%emt 00:02:55]} Nd4 {[%clk 00:53:30]}
{[%emt 00:09:17]} 21. Rfe1 {[%clk 00:58:51]} {[%emt 00:25:24]} Nxc2 {[%clk
00:38:02]} {[%emt 00:15:58]} 22. Rec1 {[%clk 00:53:20]} {[%emt 00:06:01]} Qa5
{[%clk 00:24:39]} {[%emt 00:13:53]} 23. Bb3 {[%clk 00:43:20]} {[%emt 00:10:30]}
Rbc8 {[%clk 00:23:29]} {[%emt 00:01:40]} 24. Bxc2 {[%clk 00:42:43]} {[%emt
00:01:06]} Rxc2 {[%clk 00:21:39]} {[%emt 00:02:19]} 25. Rxc2 {[%clk 00:41:30]}
{[%emt 00:01:44]} Bxc2 {[%clk 00:22:03]} {[%emt 00:00:07]} 26. Rxb7 {[%clk
00:41:26]} {[%emt 00:00:33]} Re8 {[%clk 00:14:47]} {[%emt 00:07:46]} 27. Qd7
{[%clk 00:33:34]} {[%emt 00:08:22]} Qe1+ {[%clk 00:14:42]} {[%emt 00:00:35]}
28. Kh2 {[%clk 00:33:52]} {[%emt 00:00:13]} Bg6 {[%clk 00:14:29]} {[%emt
00:00:43]} 29. Qd2 {[%clk 00:21:53]} {[%emt 00:12:28]} Qxd2 {[%clk 00:14:01]}
{[%emt 00:00:59]} 30. Bxd2 {[%clk 00:20:29]} {[%emt 00:01:54]} a6 {[%clk
00:14:17]} {[%emt 00:00:14]} 1/2-1/2

[Event "Deutsche Ländermeisterschaft 2023"]
[Site "Hannover GER"]
[Date "2023.10.03"]
[Round "4"]
[White "Klaska, Philipp Leon"]
[Black "Burkart, Lloyd Shang"]
[Result "1-0"]
[Termination "normal"]
[Board "1.5"]
[WhiteElo "2065"]
[BlackElo "2027"]
[WhiteClock "00:01:18"]
[BlackClock "00:00:33"]
[WhiteTeam "Nordrhein-Westfalen"]
[BlackTeam "Hessen"]
[PlyCount "149"]
[WhiteFideId "16238044"]
[BlackFideId "16239059"]
[EventCountry "GER"]
[EventRounds "7"]
[EventType "team-swiss"]
[EventDate "2023.09.30"]

1. e4 {[%clk 01:30:43]} {[%emt 00:00:16]} c5 {[%clk 01:30:30]} {[%emt
00:00:31]} 2. Nf3 {[%clk 01:31:06]} {[%emt 00:00:07]} d6 {[%clk 01:30:13]}
{[%emt 00:00:47]} 3. d4 {[%clk 01:31:28]} {[%emt 00:00:07]} cxd4 {[%clk
01:30:38]} {[%emt 00:00:07]} 4. Nxd4 {[%clk 01:31:52]} {[%emt 00:00:05]} Nf6
{[%clk 01:31:03]} {[%emt 00:00:06]} 5. Nc3 {[%clk 01:32:17]} {[%emt 00:00:04]}
a6 {[%clk 01:31:28]} {[%emt 00:00:06]} 6. Be3 {[%clk 01:30:56]} {[%emt
00:01:50]} e6 {[%clk 01:31:17]} {[%emt 00:00:41]} 7. f3 {[%clk 01:20:07]}
{[%emt 00:11:20]} b5 {[%clk 01:28:55]} {[%emt 00:02:51]} 8. Qd2 {[%clk
01:19:00]} {[%emt 00:01:37]} Qc7 {[%clk 01:21:41]} {[%emt 00:07:43]} 9. g4
{[%clk 01:13:05]} {[%emt 00:06:25]} h6 {[%clk 01:21:15]} {[%emt 00:00:58]} 10.
Bg2 {[%clk 01:07:57]} {[%emt 00:05:37]} b4 {[%clk 01:17:08]} {[%emt 00:04:37]}
11. Nce2 {[%clk 01:05:50]} {[%emt 00:02:37]} d5 {[%clk 01:16:35]} {[%emt
00:01:03]} 12. e5 {[%clk 01:03:32]} {[%emt 00:02:48]} Nfd7 {[%clk 01:16:40]}
{[%emt 00:00:25]} 13. f4 {[%clk 01:01:41]} {[%emt 00:02:22]} Bb7 {[%clk
01:13:48]} {[%emt 00:03:21]} 14. O-O {[%clk 01:00:12]} {[%emt 00:01:59]} Bc5
{[%clk 01:10:11]} {[%emt 00:04:06]} 15. Rae1 {[%clk 00:52:15]} {[%emt
00:08:28]} Nc6 {[%clk 01:02:54]} {[%emt 00:07:47]} 16. Nxc6 {[%clk 00:46:22]}
{[%emt 00:06:23]} Bxe3+ {[%clk 01:01:59]} {[%emt 00:01:25]} 17. Qxe3 {[%clk
00:46:44]} {[%emt 00:00:08]} Bxc6 {[%clk 01:01:39]} {[%emt 00:00:50]} 18. Nd4
{[%clk 00:46:21]} {[%emt 00:00:53]} Bb5 {[%clk 00:57:53]} {[%emt 00:04:17]} 19.
Rf2 {[%clk 00:43:09]} {[%emt 00:03:41]} Qb6 {[%clk 00:47:41]} {[%emt 00:10:42]}
20. c3 {[%clk 00:35:56]} {[%emt 00:07:43]} bxc3 {[%clk 00:42:25]} {[%emt
00:05:46]} 21. bxc3 {[%clk 00:35:53]} {[%emt 00:00:33]} Nc5 {[%clk 00:41:48]}
{[%emt 00:01:06]} 22. Rb1 {[%clk 00:32:29]} {[%emt 00:03:53]} Rc8 {[%clk
00:36:04]} {[%emt 00:06:15]} 23. f5 {[%clk 00:28:20]} {[%emt 00:04:41]} Na4
{[%clk 00:29:31]} {[%emt 00:07:01]} 24. Rb3 {[%clk 00:19:57]} {[%emt 00:08:53]}
Nc5 {[%clk 00:28:18]} {[%emt 00:01:44]} 25. Rb1 {[%clk 00:18:46]} {[%emt
00:01:42]} Na4 {[%clk 00:28:38]} {[%emt 00:00:09]} 26. Rb3 {[%clk 00:16:26]}
{[%emt 00:02:51]} Nc5 {[%clk 00:29:03]} {[%emt 00:00:06]} 27. Nxb5 {[%clk
00:15:39]} {[%emt 00:01:17]} axb5 {[%clk 00:28:57]} {[%emt 00:00:35]} 28. Bf1
{[%clk 00:15:23]} {[%emt 00:00:43]} O-O {[%clk 00:25:56]} {[%emt 00:03:34]} 29.
f6 {[%clk 00:12:30]} {[%emt 00:03:24]} Nd7 {[%clk 00:21:49]} {[%emt 00:04:36]}
30. Qxb6 {[%clk 00:10:37]} {[%emt 00:02:22]} Nxb6 {[%clk 00:22:13]} {[%emt
00:00:06]} 31. fxg7 {[%clk 00:09:51]} {[%emt 00:01:17]} Kxg7 {[%clk 00:22:35]}
{[%emt 00:00:08]} 32. Bxb5 {[%clk 00:09:09]} {[%emt 00:01:12]} Nc4 {[%clk
00:21:30]} {[%emt 00:01:34]} 33. Re2 {[%clk 00:08:30]} {[%emt 00:01:09]} Kg6
{[%clk 00:14:53]} {[%emt 00:07:08]} 34. Kg2 {[%clk 00:08:15]} {[%emt 00:00:46]}
Kg5 {[%clk 00:13:50]} {[%emt 00:01:33]} 35. Kg3 {[%clk 00:07:32]} {[%emt
00:01:12]} Na5 {[%clk 00:12:14]} {[%emt 00:02:06]} 36. Ra3 {[%clk 00:07:34]}
{[%emt 00:00:28]} Nc4 {[%clk 00:12:39]} {[%emt 00:00:05]} 37. Rb3 {[%clk
00:06:41]} {[%emt 00:01:23]} Na5 {[%clk 00:13:05]} {[%emt 00:00:03]} 38. Ra3
{[%clk 00:07:08]} {[%emt 00:00:04]} Nc4 {[%clk 00:13:30]} {[%emt 00:00:04]} 39.
Ra7 {[%clk 00:02:38]} {[%emt 00:05:00]} Nb6 {[%clk 00:10:19]} {[%emt 00:03:42]}
40. Re3 {[%clk 00:02:35]} {[%emt 00:00:32]} Ra8 {[%clk 00:08:26]} {[%emt
00:02:22]} 41. Rb7 {[%clk 00:24:15]} {[%emt 00:08:50]} Nc4 {[%clk 00:36:13]}
{[%emt 00:02:44]} 42. Bxc4 {[%clk 00:21:55]} {[%emt 00:02:51]} dxc4 {[%clk
00:36:38]} {[%emt 00:00:05]} 43. Rf3 {[%clk 00:19:28]} {[%emt 00:02:56]} Kg6
{[%clk 00:35:44]} {[%emt 00:01:24]} 44. Rc7 {[%clk 00:11:56]} {[%emt 00:08:02]}
Rxa2 {[%clk 00:28:09]} {[%emt 00:08:05]} 45. Rxc4 {[%clk 00:12:07]} {[%emt
00:00:20]} Ra5 {[%clk 00:28:13]} {[%emt 00:00:25]} 46. Re3 {[%clk 00:08:59]}
{[%emt 00:03:38]} Rd8 {[%clk 00:25:07]} {[%emt 00:03:35]} 47. Rc7 {[%clk
00:07:33]} {[%emt 00:01:56]} Rad5 {[%clk 00:21:54]} {[%emt 00:03:45]} 48. Rf3
{[%clk 00:06:27]} {[%emt 00:01:35]} R8d7 {[%clk 00:22:08]} {[%emt 00:00:17]}
49. Rxd7 {[%clk 00:06:32]} {[%emt 00:00:25]} Rxd7 {[%clk 00:22:35]} {[%emt
00:00:03]} 50. c4 {[%clk 00:04:52]} {[%emt 00:02:09]} Rc7 {[%clk 00:20:43]}
{[%emt 00:02:22]} 51. Rc3 {[%clk 00:04:57]} {[%emt 00:00:25]} Rc5 {[%clk
00:20:10]} {[%emt 00:01:03]} 52. Kf4 {[%clk 00:05:12]} {[%emt 00:00:15]} f6
{[%clk 00:17:40]} {[%emt 00:03:01]} 53. exf6 {[%clk 00:05:35]} {[%emt
00:00:07]} Kxf6 {[%clk 00:18:06]} {[%emt 00:00:04]} 54. Ke4 {[%clk 00:05:47]}
{[%emt 00:00:17]} e5 {[%clk 00:08:32]} {[%emt 00:10:04]} 55. h4 {[%clk
00:05:35]} {[%emt 00:00:43]} Kg6 {[%clk 00:07:36]} {[%emt 00:01:26]} 56. Rc1
{[%clk 00:05:44]} {[%emt 00:00:21]} Kf6 {[%clk 00:06:38]} {[%emt 00:01:27]} 57.
Kd3 {[%clk 00:05:52]} {[%emt 00:00:21]} Ke6 {[%clk 00:02:58]} {[%emt 00:04:11]}
58. Ra1 {[%clk 00:04:18]} {[%emt 00:02:04]} Rc6 {[%clk 00:03:01]} {[%emt
00:00:27]} 59. Ra8 {[%clk 00:03:44]} {[%emt 00:01:03]} Rd6+ {[%clk 00:02:53]}
{[%emt 00:00:39]} 60. Ke3 {[%clk 00:03:21]} {[%emt 00:00:54]} Rd4 {[%clk
00:02:45]} {[%emt 00:00:38]} 61. Ra6+ {[%clk 00:02:38]} {[%emt 00:01:13]} Kf7
{[%clk 00:02:29]} {[%emt 00:00:45]} 62. Rxh6 {[%clk 00:02:37]} {[%emt
00:00:31]} Rxc4 {[%clk 00:02:53]} {[%emt 00:00:06]} 63. g5 {[%clk 00:02:36]}
{[%emt 00:00:31]} Kg7 {[%clk 00:00:38]} {[%emt 00:02:45]} 64. Kf3 {[%clk
00:02:52]} {[%emt 00:00:14]} Rf4+ {[%clk 00:00:51]} {[%emt 00:00:17]} 65. Kg3
{[%clk 00:03:05]} {[%emt 00:00:16]} Ra4 {[%clk 00:00:33]} {[%emt 00:00:48]} 66.
Re6 {[%clk 00:02:35]} {[%emt 00:00:59]} Re4 {[%clk 00:00:39]} {[%emt 00:00:25]}
67. h5 {[%clk 00:02:33]} {[%emt 00:00:32]} Kf7 {[%clk 00:00:34]} {[%emt
00:00:35]} 68. Ra6 {[%clk 00:02:49]} {[%emt 00:00:15]} Re1 {[%clk 00:00:35]}
{[%emt 00:00:28]} 69. Kg4 {[%clk 00:02:24]} {[%emt 00:00:54]} e4 {[%clk
00:00:37]} {[%emt 00:00:29]} 70. h6 {[%clk 00:01:24]} {[%emt 00:01:30]} e3
{[%clk 00:00:32]} {[%emt 00:00:34]} 71. g6+ {[%clk 00:01:45]} {[%emt 00:00:08]}
Ke7 {[%clk 00:00:41]} {[%emt 00:00:22]} 72. Ra7+ {[%clk 00:01:02]} {[%emt
00:01:14]} Kd6 {[%clk 00:00:35]} {[%emt 00:00:36]} 73. h7 {[%clk 00:00:44]}
{[%emt 00:00:48]} e2 {[%emt 00:00:27]} 74. Kf3 {[%clk 00:00:59]} {[%emt
00:00:14]} Rh1 {[%clk 00:00:33]} {[%emt 00:00:36]} 75. Kxe2 {[%clk 00:01:18]}
{[%emt 00:00:11]} 1-0

[Event "Deutsche Ländermeisterschaft 2023"]
[Site "Hannover GER"]
[Date "2023.10.03"]
[Round "4"]
[White "Buchholz, Maja Patricia"]
[Black "Sereda, Yaroslava"]
[Result "0-1"]
[Termination "normal"]
[Board "1.6"]
[WhiteElo "1858"]
[BlackElo "1956"]
[WhiteClock "00:00:54"]
[BlackClock "00:01:05"]
[WhiteTeam "Hessen"]
[BlackTeam "Nordrhein-Westfalen"]
[PlyCount "68"]
[WhiteFideId "16200500"]
[BlackFideId "14178940"]
[EventCountry "GER"]
[EventRounds "7"]
[EventType "team-swiss"]
[EventDate "2023.09.30"]

1. c4 {[%clk 01:30:55]} {[%emt 00:00:05]} e5 {[%clk 01:30:38]} {[%emt
00:00:23]} 2. g3 {[%clk 01:31:10]} {[%emt 00:00:15]} c6 {[%clk 01:30:35]}
{[%emt 00:00:33]} 3. Nf3 {[%clk 01:31:22]} {[%emt 00:00:17]} e4 {[%clk
01:26:54]} {[%emt 00:04:12]} 4. Nd4 {[%clk 01:31:36]} {[%emt 00:00:15]} Nf6
{[%clk 01:20:58]} {[%emt 00:06:27]} 5. Nc3 {[%clk 01:27:01]} {[%emt 00:05:05]}
d5 {[%clk 01:12:39]} {[%emt 00:08:49]} 6. cxd5 {[%clk 01:25:26]} {[%emt
00:02:04]} cxd5 {[%clk 01:11:30]} {[%emt 00:01:40]} 7. d3 {[%clk 01:21:22]}
{[%emt 00:04:34]} Bc5 {[%clk 01:04:56]} {[%emt 00:07:04]} 8. Nb3 {[%clk
01:13:28]} {[%emt 00:08:24]} Bb4 {[%clk 01:00:21]} {[%emt 00:05:06]} 9. a3
{[%clk 01:10:33]} {[%emt 00:03:25]} Bxc3+ {[%clk 00:58:15]} {[%emt 00:02:36]}
10. bxc3 {[%clk 01:10:52]} {[%emt 00:00:10]} O-O {[%clk 00:56:16]} {[%emt
00:02:30]} 11. d4 {[%clk 00:58:24]} {[%emt 00:12:58]} Nc6 {[%clk 00:54:28]}
{[%emt 00:02:19]} 12. Bg2 {[%clk 00:57:56]} {[%emt 00:00:57]} b6 {[%clk
00:51:31]} {[%emt 00:03:27]} 13. O-O {[%clk 00:56:35]} {[%emt 00:01:51]} Ba6
{[%clk 00:48:25]} {[%emt 00:03:36]} 14. Bg5 {[%clk 00:49:48]} {[%emt 00:07:17]}
Qd6 {[%clk 00:43:50]} {[%emt 00:05:05]} 15. f3 {[%clk 00:43:42]} {[%emt
00:06:36]} exf3 {[%clk 00:42:33]} {[%emt 00:01:47]} 16. Rxf3 {[%clk 00:40:15]}
{[%emt 00:03:57]} Ne4 {[%clk 00:40:56]} {[%emt 00:02:07]} 17. Bf4 {[%clk
00:39:34]} {[%emt 00:01:10]} Qg6 {[%clk 00:39:45]} {[%emt 00:01:41]} 18. Nd2
{[%clk 00:35:28]} {[%emt 00:04:37]} Nxd2 {[%clk 00:36:09]} {[%emt 00:04:07]}
19. Bxd2 {[%clk 00:29:11]} {[%emt 00:06:46]} Bc4 {[%clk 00:33:23]} {[%emt
00:03:15]} 20. Rf4 {[%clk 00:24:17]} {[%emt 00:05:24]} Rfe8 {[%clk 00:30:07]}
{[%emt 00:03:46]} 21. e4 {[%clk 00:14:51]} {[%emt 00:09:56]} dxe4 {[%clk
00:24:09]} {[%emt 00:06:28]} 22. Rg4 {[%clk 00:15:06]} {[%emt 00:00:15]} Qf5
{[%clk 00:22:39]} {[%emt 00:02:01]} 23. Bh6 {[%clk 00:14:57]} {[%emt 00:00:39]}
g6 {[%clk 00:21:42]} {[%emt 00:01:27]} 24. Rg5 {[%clk 00:13:05]} {[%emt
00:02:22]} Qf6 {[%clk 00:19:27]} {[%emt 00:02:45]} 25. Qg4 {[%clk 00:07:27]}
{[%emt 00:06:08]} Nxd4 {[%clk 00:12:33]} {[%emt 00:07:24]} 26. Bxe4 {[%clk
00:06:36]} {[%emt 00:01:22]} Rad8 {[%clk 00:04:45]} {[%emt 00:08:18]} 27. Kg2
{[%clk 00:02:17]} {[%emt 00:04:49]} Nc2 {[%clk 00:02:29]} {[%emt 00:02:46]} 28.
Rf5 {[%clk 00:01:01]} {[%emt 00:01:46]} Qxc3 {[%clk 00:00:46]} {[%emt
00:02:13]} 29. Rc1 {[%clk 00:00:39]} {[%emt 00:00:52]} Ne1+ {[%clk 00:00:40]}
{[%emt 00:00:36]} 30. Kh3 {[%clk 00:00:43]} {[%emt 00:00:26]} Qd4 {[%clk
00:00:39]} {[%emt 00:00:31]} 31. Rxe1 {[%clk 00:00:44]} {[%emt 00:00:29]} Be6
{[%clk 00:00:49]} {[%emt 00:00:20]} 32. Ref1 {[%clk 00:00:44]} {[%emt
00:00:30]} Bc8 {[%clk 00:00:46]} {[%emt 00:00:33]} 33. R1f4 {[%clk 00:00:40]}
{[%emt 00:00:33]} Rxe4 {[%clk 00:00:42]} {[%emt 00:00:34]} 34. Rxe4 {[%clk
00:00:54]} {[%emt 00:00:16]} Bxf5 {[%clk 00:01:05]} {[%emt 00:00:07]} 0-1